000 00325nam a22001457a 4500
008 221117b ||||| |||| 00| 0 eng d
020 _a0130087483
041 _aeng
080 _2FOURTH EDITION
_a159.9
082 _a159.9ROG
100 _a25
101 _aPSI
245 _aADOLESCENTS&YOUTH
_cROGERS D
942 _2udc
_cBK
999 _c58916
_d58916